000 00574cam a22002052 4500
001 0000012131
005 20151217160125.0
008 090208s xx 000 0 eng d
020 _a9966707603 :
040 _aKABU
_cKABU
100 1 _aYabs, James.
_@0000168332
245 1 0 _aThinking what to do /
_cJames Yabs.
250 _a1st ed.
260 _aNairobi :
_bLelax Global,
_c2006.
300 _a63 p.
600 1 0 _aYabs, James
_xBiography.
_@0000168332
852 1 _9p400 KES
908 _a090208
950 _@1
999 _c14634
_d14634